|
|
|
|
| LEADER |
00626cam a2200181 7i4500 |
| 001 |
0000008821 |
| 005 |
20170218090000.0 |
| 020 |
|
|
|a 0831131624 (pbk.)
|
| 020 |
|
|
|a 9780831131623
|
| 090 |
0 |
0 |
|a TJ1189
|b .E34 2003
|
| 100 |
1 |
|
|a Evans, Ken
|
| 245 |
1 |
0 |
|a Programming of CNC machines student workbook
|c by Ken Evans.
|
| 260 |
|
|
|a New York:
|b Industrial Press Inc.,
|c 2003.
|
| 300 |
|
|
|a x, 129 p.:
|b ill.;
|c 25 cm.
|
| 500 |
|
|
|a Includes index
|
| 650 |
0 |
0 |
|a Machine --
|x Tools --
|x Numerical control --
|x Programming
|
| 997 |
|
|
|a Engineering, Faculty
|b Engineering, Department
|
| 999 |
|
|
|a 0000007577
|b BOK
|c OPEN SHELF
|e 2nd Floor, Bestari Jaya
|